000 00425nam a2200157 i 4500
001 100542
003 ES-MaACL
005 20230906182708.0
007 t|
008 050929s1965 sp ||||1| spa d
100 1 _aMasoliver, Liberata.
_978749
245 1 0 _aNieve y alquitrán /
_cLiberata Masoliver.
260 _aBarcelona :
_bPeñiscola,
_c1965.
300 _a150 p. ;
_c19 cm.
852 _aES-MaACL
_jC-28298
_bR.57483
999 _c100542
_d100542